| 000 | 00901na a2200277 4500 | ||
|---|---|---|---|
| 001 | 23719 | ||
| 003 | MIRAKIL | ||
| 005 | 20181213155259.0 | ||
| 008 | 171214b tu 000 0 | ||
| 020 | _a9786053992882 | ||
| 040 |
_aMilas _btur _cTR-AnCHP |
||
| 041 | _atur | ||
| 082 |
_a332.49561015 _bB74o 2013 |
||
| 090 | _a332.49561015 B74o 2013 | ||
| 100 | _aBölükbaşı, Ömerül Faruk | ||
| 245 |
_a18. yüzyılın ikinci yarısında Darphane-i Amire _cÖmerül Faruk Bölükbaşı |
||
| 260 |
_aİstanbul _bİstanbul Bilgi Üniversitesi _c2013 _fsena ofset |
||
| 300 |
_axx, 258 s. _bres., şkl., tbl. _c24 sm. |
||
| 440 |
_aİstanbul Bilgi Üniversitesi Yayınları _v430 |
||
| 490 |
_aTarih _v46 |
||
| 504 | _aKaynakça ve dizin var. | ||
| 650 |
_aPara _xTürkiye _yTarih |
||
| 650 |
_aFinans _xTürkiye _yTarih _y18.yy |
||
| 650 |
_aPara politikası _xTürkiye _yTarih |
||
| 942 |
_2ddc _cBKS |
||
| 999 |
_c9877 _d9877 |
||